Fictional Colleges Quiz Stats

 Plays Quiz Updated Feb 24, 2020

     
Support Sporcle.
Go Orange.
Score 0/20 Timer 06:00
0 Plays Today
Appearance College % Correct
AcceptedSouth Harmon Institute of Technology
50.6%
Road TripUniversity of Ithaca
36.2%
Animal HouseFaber College
24.8%
Revenge of the NerdsAdams College
23.6%
DrumlineAtlanta A&T University
21.6%
Van WilderCoolidge College
18.6%
The WaterboySouth Central Louisiana State University
13.1%
Saved by the BellCalifornia University
10.5%
PCUPort Chester University
9.7%
Blue ChipsWestern University
9.1%
Appearance College % Correct
Boy Meets WorldPennbrook University
8.9%
Old SchoolHarrison University
6.9%
The ProgramEastern State University
6%
Veronica MarsHearst College
3%
Back To SchoolGrand Lakes University
2.2%
Dawson's CreekWorthington University
2.2%
FuturamaBending State College
1.6%
Family TiesLeland College
1.3%
Scream 2Windsor College
1%
Who's The Boss?Ridgemont College
0.5%

From the Vault

Remove Ads.
Support Sporcle.
Get the best of Sporcle when you Go Orange. This ad-free experience offers more features, more stats, and more fun while also helping to support Sporcle. Thank you for becoming a member.

Show Comments

Extras

Top Quizzes Today


Score Distribution

Your Account Isn't Verified!

In order to create a playlist on Sporcle, you need to verify the email address you used during registration. Go to your Sporcle Settings to finish the process.

Report this User

Report this user for behavior that violates our Community Guidelines.

Details: